| 000 | 00410 a2200133 4500 | ||
|---|---|---|---|
| 999 |
_c6236 _d6236 |
||
| 020 | _a0826447945 | ||
| 050 | _aPR51.G7TEA2000 | ||
| 245 |
_aTeaching literature 11-18 / _cedited by Martin Blocksidge |
||
| 264 |
_aLondon: _b Continuum, _c2000 |
||
| 300 | _a145p. : | ||
| 500 | _aincludes index | ||
| 650 | _a English literature -- Study and teaching (Secondary) -- Great Britain. | ||
| 942 |
_2lcc _cBK _h51.G7 _iTEA _kPR |
||